[Event "Pontevedra op-B 10th"]
[Site "Pontevedra"]
[Date "2022.07.27"]
[Round "6.11"]
[White "Romo Rey, Carlos Ruben"]
[Black "Giraldo Gerrero, Laureano"]
[Result "1/2-1/2"]
[WhiteElo "1332"]
[BlackElo "1691"]
[PlyCount "105"]
[EventDate "2022.07.24"]
[EventType "swiss"]
[EventRounds "9"]
[EventCountry "ESP"]
[SourceTitle "EXT 2023"]
[Source "ChessBase"]
[SourceDate "2022.10.05"]
[SourceVersion "1"]
[SourceVersionDate "2022.10.05"]
[SourceQuality "1"]

1. d4 d5 2. Bf4 Nf6 3. Nf3 g6 4. e3 Bg7 5. Be2 0-0 6. h4 Bg4 7. Nbd2 Nbd7 8. Ne5 Bxe2 9. Qxe2 Nh5 10. Bh2 f5 11. Ndf3 e6 12. Nxd7 Qxd7 13. Ne5 Qe7 14. Bf4 c5 15. Bg5 Qc7 16. 0-0-0 Bxe5 17. dxe5 Qxe5 18. Qb5 Qc7 19. c4 a6 20. Qb3 dxc4 21. Qxc4 Qc6 22. f3 b5 23. Qd3 a5 24. Qd6 Qxd6 25. Rxd6 Rfe8 26. Rhd1 Ra7 27. Rb6 b4 28. Rc6 Kf7 29. Rxc5 Nf6 30. Bxf6 Kxf6 31. f4 Ree7 32. Rd6 Rec7 33. Rdc6 Rcb7 34. Re5 Re7 35. b3 a4 36. Kb2 a3+ 37. Kc2 h6 38. Rb5 Rab7 39. Rxb7 Rxb7 40. Rc4 Rb6 41. Kd3 e5 42. Ke2 Ke6 43. Kf3 Kd5 44. fxe5 Kxe5 45. Ke2 Kd5 46. Kd3 g5 47. hxg5 hxg5 48. e4+ Ke6 49. exf5+ Kxf5 50. g4+ Ke5 51. Ke3 Kd5 52. Kd3 Ke5 53. Ke3 1/2-1/2

[Event "Guimaraes op 3rd"]
[Site "Guimaraes"]
[Date "2019.08.29"]
[Round "2"]
[White "Giraldo Gerrero, Laureano"]
[Black "Pintor, Simao Maciel Abranc"]
[Result "0-1"]
[WhiteElo "1763"]
[BlackElo "2076"]
[PlyCount "60"]
[EventDate "2019.08.28"]
[EventType "swiss"]
[EventRounds "7"]
[EventCountry "POR"]
[SourceTitle "EXT 2020"]
[Source "ChessBase"]
[SourceDate "2019.10.17"]
[SourceVersion "1"]
[SourceVersionDate "2019.10.17"]
[SourceQuality "1"]

1. e4 c5 2. Nf3 g6 3. b3 Bg7 4. Nc3 Nf6 5. Rb1 Nc6 6. Bb2 0-0 7. Be2 d5 8. Nxd5 Nxe4 9. Bxg7 Kxg7 10. Nc3 Nxc3 11. dxc3 Bf5 12. Qxd8 Rfxd8 13. Rc1 Rac8 14. 0-0 a6 15. h3 e5 16. g4 Be6 17. Ng5 Bd5 18. f3 f6 19. Ne4 Ne7 20. Rcd1 g5 21. Ng3 Be6 22. Rxd8 Rxd8 23. Ne4 b6 24. c4 Ng6 25. Bd3 Nf4 26. Nf2 h5 27. gxh5 Bxh3 28. Rd1 Be6 29. Ng4 Bxg4 30. fxg4 e4 0-1